| 000 | 01208nam0a22002651 4500 | ||
|---|---|---|---|
| 001 | rc\534201 | ||
| 005 | 20250621122626.0 | ||
| 035 | _a(NLR Aleph) 005771886 | ||
| 090 |
_a5040298 _c5040298 |
||
| 100 | _a20030616d1988 |||y0rusy50 ca | ||
| 101 | 0 | _arus | |
| 102 | _aRU | ||
| 105 | _ay ||||||||| | ||
| 200 | 1 |
_aСТИМУЛИРОВАНИЕ ценами производства и реализации новых товаров народного потребления _f[Спицына Т.Ю. к. э. н. и др.] |
|
| 210 |
_aКиев _cУкрниинти _d1988 |
||
| 215 |
_a35 с. _d20 |
||
| 225 | 1 |
_aЭкономика _iСерия "Производство, конъюнктура торговли и спрос населения на товары народного потребления" _eОбзор. информ. _fУкр. НИИ НТИ и техн.-экон. исслед. _vВып. 4 |
|
| 300 | _aВ надзаг. также: Гос. план. ком. УССР | ||
| 320 | _aБиблиогр.: с. 34 | ||
| 702 | 1 |
_aСпицына _bТ.Ю. _gТамара Юрьевна _4220 |
|
| 801 | 0 |
_aRU _bNLR _gpsbo |
|
| 801 | 1 |
_aRU _bELAR _2rusmarc |
|
| 852 |
_aNLR _jП22/5637 |
||
| 942 | _cBOOK | ||
| 980 | _aNB | ||